000 00443nam a2200157Ia 4500
008 240729s9999 xx 000 0 und d
022 _a2156-9614
245 0 _aJournal of Health and Pollution
260 _aUnited States
260 _bPure Earth
650 _a Environmental technology. Sanitary engineering
650 _aTechnology
856 _uhttps://doaj.org/toc/c8e38e99d89d4444ad7e05fecb291197
942 _2ddc
942 _cDOAJEJ
999 _c69397
_d69397
945 _a1
_bMadushi Gamage
_c1
_dMadushi Gamage